000 00535nam a2200181Ia 4500
999 _c1686
_d1686
003 OSt
005 20200928131906.0
008 190216s9999||||xx |||||||||||||| ||und||
020 _a8188836931
040 _coclc
082 _a581.012
_bJOH/T
100 _aJohri, R M
_95080
245 0 _aTaxonomy 4 :
_bMonochlamydeae And Monocotyldonae /
_cR M Johri ;Sneh Lata
260 _bSonali Publications,
_aNew Delhi:
_c2005.
300 _a281p
650 _aBotany
942 _cBK
_2ddc
_h581.012
_iJOH/T
_k581.012
_mJOH/T